[Event "Mittelrhein-ch (Women)"]
[Site "Dueren"]
[Date "2010.06.04"]
[Round "3"]
[White "Voigt, Ingrid"]
[Black "Fischer, Chiara"]
[Result "1-0"]
[WhiteElo "1899"]
[BlackElo "1205"]
[PlyCount "79"]
[EventDate "2010.06.02"]
[EventType "swiss"]
[EventRounds "3"]
[EventCountry "GER"]
[SourceTitle "CBM 137 Extra"]
[Source "ChessBase"]
[SourceDate "2010.09.01"]
[SourceVersion "1"]
[SourceVersionDate "2010.09.01"]
[SourceQuality "1"]

1. e4 e5 2. Nf3 Nc6 3. d4 exd4 4. Nxd4 Bc5 5. Be3 d6 6. Nxc6 bxc6 7. Bxc5 dxc5 8. Qxd8+ Kxd8 9. Bc4 Ke7 10. Nc3 Nh6 11. 0-0-0 Re8 12. f3 Kf8 13. Na4 Be6 14. Bxe6 Rxe6 15. Rd7 Rc8 16. Nxc5 Rd6 17. Rd1 Rxd1+ 18. Kxd1 Ng8 19. Na6 Nf6 20. Rxc7 Rxc7 21. Nxc7 Ke7 22. Ke2 Kd6 23. Na6 c5 24. Kd3 Nd7 25. b4 Kc6 26. Nxc5 Nxc5+ 27. bxc5 Kxc5 28. c3 f6 29. c4 a5 30. Kc3 g5 31. a3 h5 32. Kd3 h4 33. Kc3 Kc6 34. Kd4 Kd6 35. c5+ Kc6 36. a4 Kd7 37. Kd5 Kc7 38. Ke6 Kc6 39. Kxf6 Kxc5 40. e5 1-0

[Event "Mittelrhein-ch (Women)"]
[Site "Dueren"]
[Date "2010.06.03"]
[Round "2"]
[White "Fischer, Chiara"]
[Black "Zimmermann, Ruth"]
[Result "1/2-1/2"]
[WhiteElo "1205"]
[BlackElo "1499"]
[PlyCount "94"]
[EventDate "2010.06.02"]
[EventType "swiss"]
[EventRounds "3"]
[EventCountry "GER"]
[SourceTitle "CBM 137 Extra"]
[Source "ChessBase"]
[SourceDate "2010.09.01"]
[SourceVersion "1"]
[SourceVersionDate "2010.09.01"]
[SourceQuality "1"]

1. e4 e6 2. Nc3 d5 3. exd5 exd5 4. d4 Nf6 5. Bf4 Bb4 6. Nf3 0-0 7. Bd3 Bg4 8. 0-0 Re8 9. Be5 Nbd7 10. Qe2 c6 11. a3 Ba5 12. b4 Bb6 13. Qe3 Bxf3 14. Qxf3 Nxe5 15. dxe5 Rxe5 16. Rae1 Qe7 17. Re2 Re8 18. Rfe1 Qd6 19. Qg3 Bc7 20. Rxe5 Rxe5 21. Rxe5 Qxe5 22. Qxe5 Bxe5 23. Nb1 Kf8 24. h3 Ke7 25. g4 g6 26. Kg2 Bb2 27. Kf3 Ke6 28. Ke2 Ke5 29. c4 Kf4 30. cxd5 cxd5 31. a4 Nd7 32. b5 b6 33. Nd2 Nc5 34. Bc2 f6 35. Nf3 d4 36. Ne1 Bc3 37. Nd3+ Nxd3 38. Bxd3 Kg5 39. Kf3 Kh4 40. Kg2 Kg5 41. Kf3 h5 42. gxh5 gxh5 43. Kg3 h4+ 44. Kg2 Kf4 45. Bb1 Bd2 46. Bd3 Bc3 47. Bc2 Be1 1/2-1/2